|
|
|
|
| LEADER |
00000nam0a2200000 4500 |
| 001 |
185758 |
| 005 |
20231101223934.0 |
| 010 |
|
|
|a 9785406012123
|
| 035 |
|
|
|a (RuTPU)RU\TPU\book\201534
|
| 090 |
|
|
|a 185758
|
| 100 |
|
|
|a 20101014d2011 m y0rusy50 ca
|
| 101 |
0 |
|
|a rus
|
| 102 |
|
|
|a RU
|
| 105 |
|
|
|a a j 001zy
|
| 200 |
1 |
|
|a Основы андрагогики
|e учебное пособие для вузов
|f Т. А. Василькова
|
| 210 |
|
|
|a Москва
|c КноРус
|d 2011
|
| 215 |
|
|
|a 250 с.
|c ил.
|
| 320 |
|
|
|a Библиогр.: с. 249-250.
|
| 330 |
|
|
|a С позиций достижений теории и практики раскрываются основы андрагогики, проблемы образования, воспитания и дидактики взрослых. Рассмотрены конкретные инновационные технологии (дистанционного и модульного обучения, обучения незанятого населения и пр.). Для студентов высших и средних педагогических учебных заведений, а также слушателей факультетов повышения квалификации, практических работников системы образования взрослых.
|
| 606 |
1 |
|
|a Андрагогика
|2 stltpush
|3 (RuTPU)RU\TPU\subj\64493
|9 81378
|
| 610 |
1 |
|
|a педагогика
|
| 610 |
1 |
|
|a образование
|
| 610 |
1 |
|
|a взрослые
|
| 610 |
1 |
|
|a андрологи
|
| 610 |
1 |
|
|a профессионально-педагогическая деятельность
|
| 610 |
1 |
|
|a профессионально-личностные качества
|
| 610 |
1 |
|
|a психофизиологические особенности
|
| 610 |
1 |
|
|a образовательные потребности
|
| 610 |
1 |
|
|a воспитание
|
| 610 |
1 |
|
|a методы
|
| 610 |
1 |
|
|a дидактика
|
| 610 |
1 |
|
|a педагогические технологии
|
| 610 |
1 |
|
|a качество
|
| 610 |
1 |
|
|a технические средства
|
| 610 |
1 |
|
|a учебные пособия
|
| 686 |
|
|
|a Ч31я73
|2 rubbk
|
| 700 |
|
1 |
|a Василькова
|b Т. А.
|g Татьяна Анатольевна
|
| 801 |
|
1 |
|a RU
|b 63413507
|c 20101014
|
| 801 |
|
2 |
|a RU
|b 63413507
|c 20150609
|g RCR
|
| 900 |
|
|
|a Педагогика и психология
|
| 942 |
|
|
|c BK
|
| 951 |
|
|
|b 050701
|
| 959 |
|
|
|a 72/20101012
|d 2
|e 150,00
|f АНЛ:1
|f ЧЗГЛ:1
|